000 01428nam0a2200325 4500
001 RU\NLR\bibl\1140173
005 20260405142655.0
010 _a978-5-94655-093-2
_91000
021 _aRU
_b2007-60787
_93248
035 _a(NLR Aleph) 001127037
090 _a1334097
_c1334097
100 _a20071015d2007 |||y0rusy50 ca
101 0 _arus
102 _aRU
105 _aa |||||||||
200 1 _aСобрание сочинений
_fПетр Мельников
_g[ред. Егоров К.В.]
210 _aУльяновск
_cКорпорация технологий продвижения
_d2007
215 _a527, [1] с.
_cил., портр.
_d22
327 1 _aСодерж.: Повести: Столбунцы: автобиографическая повесть; Таежные просеки; Рассказы; Записки отроческих лет; Новеллы; Стихотворения; Поэмы: Возвращение; Саката
686 _aШ6(2=Р)7я44
700 1 _4070
_8rus
_7ca
_aМельников
_bП. Т.
_cписатель
_f1928-
_gПетр Трофимович
_3RU\NLR\auth\7758527
_941459
702 1 _4340
_8rus
_7ca
_aЕгоров
_cлитератор
_gК. В.
_3RU\NLR\auth\7758533
_941465
801 0 _aRU
_bNLR
_c20071015
_gRCR
801 1 _aRU
_bNLR
_c20071015
942 _cBOOK
980 _aNB
980 _aNBR